000 00812nam a2200289Ia 4500
005 20260324114648.0
008 008 260324s9999 xx 000 0 eng d
020 _a9781003105053
037 _aEBOOK
040 _aCRL
040 _beng
040 _cCRL
041 _2eng
041 _aeng
084 _qCRL
100 _aLeopoldo Javier Ríos González; Jośe Antonio Rodríguez-De La Garza; Miguel Ángel Medina Morales; Cristóbal Noé Aguilar
_91151660
245 0 _aHandbook of Research on Bioenergy and Biomaterials
245 0 _bConsolidated and Green Processes
260 _bTaylor and Francis
260 _c2021
365 _a
365 _b400
856 _uhttp://www.taylorfrancis.com/books/9781003105053
942 _cEBOOK
999 _c1741974
_d1741974